00302 a2200109 4500001000700000020000600007040001100013100000600024240007900030245007400109362000900183170433 a  cMagnum a-10aRevista de educacao aec/um paradigma para a escola do seculo xxi!?...lpor10aRevista de educacao aec/um paradigma para a escola do seculo xxi!?...0 a1899